Fast Typing 1-250 (150 seconds) - Statistics

General Stats
  • This quiz has been taken 5 times
  • The average score is 143 of 250
Answer Stats
Answer % Correct
1
100%
10
100%
11
100%
12
100%
122
100%
13
100%
14
100%
15
100%
16
100%
17
100%
18
100%
19
100%
2
100%
20
100%
22
100%
3
100%
32
100%
4
100%
42
100%
5
100%
52
100%
6
100%
62
100%
7
100%
72
100%
8
100%
82
100%
9
100%
93
100%
100
67%
101
67%
102
67%
103
67%
104
67%
105
67%
106
67%
107
67%
108
67%
109
67%
110
67%
111
67%
112
67%
113
67%
114
67%
115
67%
116
67%
117
67%
118
67%
119
67%
120
67%
121
67%
123
67%
124
67%
125
67%
126
67%
127
67%
128
67%
129
67%
130
67%
131
67%
132
67%
133
67%
134
67%
135
67%
136
67%
137
67%
138
67%
139
67%
140
67%
141
67%
142
67%
143
67%
144
67%
145
67%
146
67%
147
67%
148
67%
149
67%
150
67%
151
67%
152
67%
153
67%
154
67%
155
67%
156
67%
157
67%
158
67%
159
67%
160
67%
161
67%
162
67%
163
67%
164
67%
165
67%
21
67%
23
67%
24
67%
25
67%
26
67%
27
67%
28
67%
29
67%
30
67%
31
67%
33
67%
34
67%
35
67%
36
67%
37
67%
38
67%
39
67%
40
67%
41
67%
43
67%
44
67%
45
67%
46
67%
47
67%
48
67%
49
67%
50
67%
51
67%
53
67%
54
67%
55
67%
56
67%
57
67%
58
67%
59
67%
60
67%
61
67%
63
67%
64
67%
65
67%
66
67%
67
67%
68
67%
69
67%
70
67%
71
67%
73
67%
74
67%
75
67%
76
67%
77
67%
78
67%
79
67%
80
67%
81
67%
83
67%
84
67%
85
67%
86
67%
87
67%
88
67%
89
67%
90
67%
91
67%
92
67%
94
67%
95
67%
96
67%
97
67%
98
67%
99
67%
166
33%
167
33%
168
33%
169
33%
170
33%
171
33%
172
33%
173
33%
174
33%
175
33%
176
33%
177
33%
178
33%
179
33%
180
33%
181
33%
182
33%
183
33%
184
33%
185
33%
186
33%
187
33%
188
33%
189
33%
190
33%
191
33%
192
33%
193
33%
194
33%
195
33%
196
33%
197
33%
198
33%
199
33%
200
33%
201
33%
202
33%
203
33%
204
33%
205
33%
206
33%
207
33%
208
33%
209
33%
210
33%
211
33%
212
33%
213
33%
214
33%
215
33%
216
33%
217
33%
218
33%
219
33%
230
33%
231
33%
232
33%
233
33%
234
33%
235
33%
236
33%
237
33%
238
33%
239
33%
240
33%
241
33%
242
33%
243
33%
244
33%
220
0%
221
0%
222
0%
223
0%
224
0%
225
0%
226
0%
227
0%
228
0%
229
0%
245
0%
246
0%
247
0%
248
0%
249
0%
250
0%
No matching quizzes found
Score Distribution
Percent of People with Each Score
Percentile by Number Answered
Your Score History
You have not taken this quiz